000 00454nam a2200181Ia 4500
005 20250603144644.0
008 250603s9999 xx 000 0 und d
020 _a9781457229794
050 _aRC 564 .H83/
100 _aHubbard, Ron L.
245 0 _aClear body clear mind: the effective purification program
260 _aCalifornia
260 _bBridge Publications
260 _c2007
300 _a277 p
650 _aCalifornia
942 _cBK
999 _c39559
_d39559